01659nac a22004217a 4500001001000000003000900010005001700019008003400036040005400070072001300124090001900137100001800156100001500174100001900189100002100208100001900229100001800248110009800266245010400364260004000468300001000508490014500518500012500663650001200788650000900800650001000809650001100819650001000830650000900840650001000849650001800859650001800877650002300895909004700918942001700965999001900982952023601001BR8206310BR-BrBNA20240105115533.0230509b bl.|||m| |||| 00| 0 por d aBR-BrBNAbporcBiblioteca Nacional de Agricultura aF00; E70 a0430 BR82063101 aPedroso, A.G.1 aMori, A.S.1 aChaves, G.C.G.1 aSouza, O.B.M. de1 aJesus, R.F. de1 aRibeiro, S.A.1 aComissao Estadual de Planejamento Agricola de Mato Grosso do Sul, Campo Grande (Brasil)920301 aRelatorio de acompanhamento conjuntural. Informe sistematico, junho/82 [Mato Grosso do Sul, Brasil]3 aCampo Grande, MS (Brasil): c1982.  a73 p. aRelatorio de Acompanhamento Conjuntural. Informe Sistematico - Comissao Estadual de Planejamento Agricola de Mato Grosso do Sul (Brazil)vx a(*) Documento disponível na(o) Comissao Estadual de Planejamento Agricola de Mato Grosso do Sul, Campo Grande (Brazil) aALGODAO aALHO aARROZ aFEIJAO aMILHO aSOJA aTRIGO aGADO DE CORTE aGADO LEITEIRO aMATO GROSSO DO SUL a202312bLúcia Elandec55dLúcia Elande 2AGRISn0cMS c275215d275215 002AGRIS40728Acervo Gerala41918b41918cAGROBASEl0r2023-12-18yMSz(*) Documento disponível na(o) Comissao Estadual de Planejamento Agricola de Mato Grosso do Sul, Campo Grande (Brazil)ePortaria Interministerial nº 164/94